[Event "Druzynowe Mistrzostwa Polski Juniorow - Ekstraliga"]
[Site "Centrum Wypoczynkowo-Szkoleniowe Gwarek, Ustron"]
[Date "1899-12-30"]
[Round "5.21"]
[White "Pultorak, Jan"]
[Black "Zajac, Szymon"]
[Result "1-0"]
[WhiteTitle "I"]
[BlackTitle "II"]
[WhiteElo "2126"]
[BlackElo "1405"]

1. d4 d5 2. c4 e6 3. Nc3 Nf6 4. cxd5 exd5 5. Bg5 Be7 6. e3 c6 7. Qc2 h6 8. Bh4
Be6 9. Bd3 O-O 10. Nge2 Qc8 11. O-O Re8 12. Rad1 Qc7 13. Nf4 Nbd7 14. Nxe6 fxe6
15. Bg3 Qc8 16. Qe2 Bb4 17. Bg6 Rf8 18. a3 Bxc3 19. bxc3 Ne4 20. Bxe4 dxe4 21.
Rb1 b6 22. Bh4 Rf5 23. Qc2 Nf6 24. Bxf6 Rxf6 25. Qxe4 Qd7 26. f4 Rc8 27. c4 Qd6
28. Rb3 Rcf8 29. Rd3 Rd8 30. Rfd1 Rf5 31. Qf3 g5 32. g3 Rdf8 33. Qh5 Kg7 34. e4
Ra5 35. Qg4 Qe7 36. h4 Rg8 37. e5 Rxa3 38. fxg5 hxg5 39. Rxa3 Qxa3 40. Rf1 Qe3+
41. Kh2 Rh8 42. Rf3 Qd2+ 43. Kh3 Qc1 44. Qxe6 Qh1+ 45. Kg4 Rxh4+ 46. gxh4 Qxh4+
47. Kf5 Qh7+ 48. Kxg5 1-0

[Event "Druzynowe Mistrzostwa Polski Juniorow - Ekstraliga"]
[Site "Centrum Wypoczynkowo-Szkoleniowe Gwarek, Ustron"]
[Date "1899-12-30"]
[Round "5.23"]
[White "Kopica, Paulina"]
[Black "Leczek, Weronika"]
[Result "0-1"]
[WhiteTitle "I++"]
[BlackTitle "I"]
[WhiteElo "1788"]
[BlackElo "1655"]

1. e4 c5 2. Nf3 Nc6 3. d4 cxd4 4. Nxd4 Nf6 5. Nc3 d6 6. Be2 g6 7. O-O Bg7 8. Nb3
O-O 9. Bg5 Be6 10. Kh1 Rc8 11. f4 a6 12. Bf3 b5 13. Nd5 Bxd5 14. exd5 Na5 15.
c3 Nc4 16. Qe2 Qb6 17. Rfe1 Rfe8 18. Bh4 e5 19. dxe6 Rxe6 20. Qc2 Rce8 21. Nd4
Rxe1+ 22. Rxe1 Rxe1+ 23. Bxe1 d5 24. Bf2 Qd6 25. g3 Qe7 26. Nb3 Ne4 27. Bd4 Bxd4
28. Nxd4 Ned2 29. Be2 Qe3 30. Kg2 Qxe2+ 31. Nxe2 Ne3+ 32. Kf2 Nxc2 33. Nc1 Nc4
34. b3 Nd6 35. Ke2 d4 36. Kd3 Ne3 37. Kxd4 Nf1 38. Ne2 Nxh2 39. Kc5 Ne4+ 40. Kb6
Nf1 41. c4 bxc4 42. bxc4 Nfxg3 43. Nd4 Nf5 44. Nf3 Nc3 45. a3 Ne3 46. c5 Nc4+
47. Kxa6 Nxa3 48. c6 Nd5 49. Nd2 Nc7+ 50. Kb6 Nd5+ 51. Ka6 Kf8 52. Ne4 Ke7 53.
Nc3 Nb4+ 54. Kb7 Nxc6 55. Kxc6 Kf6 56. Kd5 Kf5 57. Ne2 Nc2 58. Kc4 Ne3+ 59. Kd3
Ng2 0-1

[Event "Druzynowe Mistrzostwa Polski Juniorow - Ekstraliga"]
[Site "Centrum Wypoczynkowo-Szkoleniowe Gwarek, Ustron"]
[Date "1899-12-30"]
[Round "5.24"]
[White "Slusarczyk, Milena"]
[Black "Trusz, Julia"]
[Result "0-1"]
[WhiteTitle "I"]
[BlackTitle "I"]
[WhiteElo "1241"]
[BlackElo "1510"]

1. e4 c5 2. c3 d5 3. e5 d4 4. cxd4 Qxd4 5. Nf3 Qe4+ 6. Qe2 Qxe2+ 7. Bxe2 Nc6 8.
O-O Bg4 9. Re1 O-O-O 10. Nc3 Nh6 11. a3 f6 12. exf6 exf6 13. b3 Bd6 14. Bb2 Na5
15. Bd1 Bxf3 16. gxf3 Be5 17. Ra2 Rxd2 18. Re2 Bxc3 19. Bxc3 Rxd1+ 20. Re1 Rxe1+
21. Bxe1 Nxb3 22. Rc2 b6 23. Rc3 Nd4 24. Kg2 Re8 25. Bd2 Nhf5 26. a4 Re2 27. Bf4
Ra2 28. Rc4 Rc2 29. Rxc2 Nxc2 30. Kh3 Nfd4 31. Kg4 c4 32. Bd2 a6 33. Kf4 c3 34.
Be3 Nxe3 35. Kxe3 c2 36. Kd2 b5 37. axb5 axb5 38. f4 b4 39. Kc1 b3 0-1

[Event "Druzynowe Mistrzostwa Polski Juniorow - Ekstraliga"]
[Site "Centrum Wypoczynkowo-Szkoleniowe Gwarek, Ustron"]
[Date "1899-12-30"]
[Round "5.25"]
[White "Koitka, Jakub"]
[Black "Marczuk, Dominik"]
[Result "1-0"]
[WhiteTitle "I++"]
[BlackTitle "k"]
[WhiteElo "2072"]
[BlackElo "2184"]

1. Nf3 Nf6 2. g3 g6 3. Bg2 Bg7 4. O-O O-O 5. d3 d5 6. Nbd2 Nc6 7. e4 dxe4 8. dxe4
Bg4 9. c3 Qd3 10. h3 Bxf3 11. Nxf3 Qc4 12. e5 Ne4 13. Bf4 Rfd8 14. Qc2 a5 15.
Rfd1 Nb4 16. Qb3 Qxb3 17. axb3 Nd3 18. Rxd3 Rxd3 19. Ne1 Nc5 20. Nxd3 Nxd3 21.
Bxb7 Rb8 22. Bd5 e6 23. Bc4 Nxb2 24. Rxa5 Nxc4 25. bxc4 h6 26. Be3 g5 27. Bd4
Kh7 28. Rc5 Rb7 29. Rb5 Rxb5 30. cxb5 Kg6 31. g4 Bf8 32. Kg2 f5 33. exf6 Bd6 34.
c4 Bf4 35. Kf3 Bd2 36. Be5 Ba5 37. Ke4 Kf7 38. c5 Ke8 39. Bd4 Bd2 40. b6 cxb6
41. cxb6 Kd7 42. f7 Bb4 43. Bg7 1-0

[Event "Druzynowe Mistrzostwa Polski Juniorow - Ekstraliga"]
[Site "Centrum Wypoczynkowo-Szkoleniowe Gwarek, Ustron"]
[Date "1899-12-30"]
[Round "5.26"]
[White "Golda, Sebastian"]
[Black "Delekta, Filip"]
[Result "0-1"]
[WhiteTitle "I"]
[BlackTitle "I++"]
[WhiteElo "1959"]
[BlackElo "2110"]

1. e4 e6 2. d4 c5 3. Nf3 cxd4 4. Nxd4 Nc6 5. Nc3 Qc7 6. Be3 a6 7. Qd2 Nf6 8. O-O-O
Bb4 9. f3 h5 10. Nb3 b5 11. Qe1 h4 12. Kb1 Rb8 13. Bd2 Bd6 14. Bg5 Bxh2 15. Bxh4
Be5 16. Nd5 Nxd5 17. exd5 g5 18. dxc6 gxh4 19. cxd7+ Bxd7 20. Rxh4 Rg8 21. Qd2
Bc6 22. Bd3 Rd8 23. Nc5 Qe7 24. Rh5 Qxc5 25. f4 Rxg2 26. Qa5 Rxd3 27. Rc1 Qxc2+
28. Rxc2 Rd1+ 0-1

[Event "Druzynowe Mistrzostwa Polski Juniorow - Ekstraliga"]
[Site "Centrum Wypoczynkowo-Szkoleniowe Gwarek, Ustron"]
[Date "1899-12-30"]
[Round "5.27"]
[White "Koziorowicz, Michal"]
[Black "Korcyl, Patryk"]
[Result "1-0"]
[WhiteTitle "II+"]
[BlackTitle "II"]
[WhiteElo "1725"]
[BlackElo "1342"]

1. e4 g6 2. d4 d6 3. Nc3 Bg7 4. Be3 Nf6 5. f3 O-O 6. Qd2 Nc6 7. O-O-O a5 8. g4
Nb8 9. h4 c6 10. h5 b5 11. Bh6 b4 12. Na4 Nbd7 13. e5 Ne8 14. Bxg7 Nxg7 15. hxg6
fxg6 16. Qh6 Kf7 17. Qxh7 dxe5 18. Bd3 Rg8 19. Bxg6+ Kf8 20. dxe5 Qc7 21. f4 c5
22. Nh3 c4 23. Ng5 Nf6 24. Nc5 Nxh7 25. Nxh7# 1-0

[Event "Druzynowe Mistrzostwa Polski Juniorow - Ekstraliga"]
[Site "Centrum Wypoczynkowo-Szkoleniowe Gwarek, Ustron"]
[Date "1899-12-30"]
[Round "5.28"]
[White "Szczurek, Krzysztof"]
[Black "Chyzy, Jakub"]
[Result "1-0"]
[WhiteTitle "I"]
[BlackTitle "I"]
[WhiteElo "1916"]
[BlackElo "1565"]

1. e4 e5 2. Nf3 Nc6 3. Bc4 Bc5 4. c3 Nf6 5. d3 O-O 6. Nbd2 Kh8 7. O-O d5 8. exd5
Nxd5 9. Ne4 Be7 10. Nfg5 f6 11. Nf3 Bg4 12. h3 Be6 13. Ng3 a6 14. Qe2 Re8 15.
d4 Bd6 16. dxe5 Nxe5 17. Nxe5 Bxe5 18. Qh5 Bxg3 19. fxg3 Ne3 20. Bxe6 Rxe6 21.
Re1 Qd3 22. a4 Rae8 23. Bxe3 g6 24. Qf3 Rxe3 25. Qxf6+ Kg8 26. Rf1 Qd5 27. Rad1
Qc5 28. Kh1 R3e7 29. Qf4 Qb6 30. Qc4+ Kg7 31. b4 Re4 32. Qf7+ Kh6 33. Rd7 Qe3
34. Qxh7+ Kg5 35. h4+ 1-0

[Event "Druzynowe Mistrzostwa Polski Juniorow - Ekstraliga"]
[Site "Centrum Wypoczynkowo-Szkoleniowe Gwarek, Ustron"]
[Date "1899-12-30"]
[Round "5.29"]
[White "Maruszczak, Joanna"]
[Black "Marczuk, Anna"]
[Result "1/2-1/2"]
[WhiteTitle "k+"]
[BlackTitle "k"]
[WhiteElo "1845"]
[BlackElo "1969"]

1. e4 d6 2. d4 Nf6 3. Nc3 e5 4. Nf3 Nbd7 5. Bc4 Be7 6. O-O O-O 7. Qe2 c6 8. a4
a5 9. h3 h6 10. Rd1 Qc7 11. dxe5 dxe5 12. Nh4 Nc5 13. Ng6 Re8 14. Nxe7+ Qxe7 15.
b3 Nfd7 16. Ba3 Qf6 17. Qe3 Ne6 18. Rd6 Ndf8 19. Rad1 Qg5 20. Qxg5 hxg5 21. Ne2
Rb8 22. b4 axb4 23. Bxb4 Ra8 24. a5 c5 25. Bc3 Nd4 26. Nxd4 cxd4 27. Bd2 Be6 28.
Bd3 Ng6 29. Rb6 Bc8 30. Rdb1 Nf4 31. Kf1 Nxd3 32. cxd3 f6 33. Ke2 Kf7 34. Rc1
Re7 35. Bb4 Rd7 36. Kd2 Kg8 37. f3 Kf7 38. Ke2 Kg8 39. g3 Kf7 40. Rc5 Kg8 41.
f4 gxf4 42. gxf4 exf4 43. Kf3 Rd8 44. h4 Ra6 45. Kxf4 Rxb6 46. axb6 Bh3 47. Rd5
Rxd5 48. exd5 Bg2 49. d6 Bc6 50. Bc5 Kf7 51. Bxd4 g6 1/2-1/2

[Event "Druzynowe Mistrzostwa Polski Juniorow - Ekstraliga"]
[Site "Centrum Wypoczynkowo-Szkoleniowe Gwarek, Ustron"]
[Date "1899-12-30"]
[Round "5.30"]
[White "Dylag, Emilia"]
[Black "Krzywnicka, Maria"]
[Result "1-0"]
[WhiteTitle "I"]
[BlackTitle "I+"]
[WhiteElo "1602"]
[BlackElo "1564"]

1. d4 d5 2. Nf3 Nf6 3. e3 c6 4. Bd3 e6 5. Nbd2 Nbd7 6. b3 Bd6 7. Bb2 O-O 8. Ne5
c5 9. f4 a6 10. a4 b6 11. O-O Bb7 12. Nxd7 Nxd7 13. Qg4 f5 14. Qg3 Nf6 15. Nf3
Rc8 16. c4 Qd7 17. Rad1 dxc4 18. Bxc4 Ne4 19. Qe1 Qe7 20. dxc5 Bxc5 21. Ne5 Rfd8
22. Qe2 b5 23. axb5 axb5 24. Bxb5 Bb4 25. Bd7 Ra8 26. Nc6 Bxc6 27. Bxc6 Rac8 28.
Bxe4 fxe4 29. Rxd8+ Rxd8 30. Rd1 Rd5 31. Rd4 Qb7 32. Kf2 1-0

[Event "Druzynowe Mistrzostwa Polski Juniorow - Ekstraliga"]
[Site "Centrum Wypoczynkowo-Szkoleniowe Gwarek, Ustron"]
[Date "1899-12-30"]
[Round "6.1"]
[White "Lewtak, Dominik"]
[Black "Marczuk, Dominik"]
[Result "0-1"]
[WhiteTitle "k"]
[BlackTitle "k"]
[WhiteElo "2151"]
[BlackElo "2184"]

1. c4 e5 2. Nc3 Nf6 3. g3 c6 4. d4 exd4 5. Qxd4 d5 6. cxd5 cxd5 7. e3 Nc6 8. Qd1
Bg4 9. Be2 Bf5 10. Bd3 Qd7 11. Bxf5 Qxf5 12. Qf3 Qe6 13. Nge2 Ne5 14. Qg2 Nd3+
15. Kf1 Bb4 16. Qf3 Ne4 17. Nf4 Nxf4 18. exf4 Bxc3 19. bxc3 Rc8 20. f5 Qe5 21.
Be3 Rxc3 22. Rd1 O-O 23. Kg2 Rfc8 24. Rhe1 h6 25. h4 R8c4 26. Re2 Kh7 27. Qf4
Qxf4 28. gxf4 Ra3 29. Rb2 Nc3 30. Rd3 b6 31. Bd2 d4 32. h5 b5 33. Bxc3 Raxc3 34.
Rbd2 Rxd3 35. Rxd3 a5 36. Kf1 Kg8 37. a3 Kf8 38. Rb3 b4 39. axb4 Rxb4 40. Rg3
a4 41. Ke2 Rb3 42. Rg1 a3 43. Rc1 a2 44. Rc8+ Ke7 45. Ra8 Rb2+ 46. Kd3 Kf6 47.
Ra5 Rxf2 48. Ke4 Re2+ 49. Kxd4 Re1 50. Rxa2 Kxf5 51. Ra7 Kf6 52. Ra6+ Re6 53.
Ra5 Re7 54. Rb5 g6 55. Ra5 g5 56. fxg5+ hxg5 57. Ra6+ Kg7 58. h6+ Kh7 59. Rf6
Re6 60. Rxf7+ Kxh6 61. Rf1 g4 62. Rf5 g3 63. Kd5 Rg6 64. Rf1 g2 65. Rg1 Kh5 66.
Ke4 Kh4 67. Kf3 Kh3 0-1

[Event "Druzynowe Mistrzostwa Polski Juniorow - Ekstraliga"]
[Site "Centrum Wypoczynkowo-Szkoleniowe Gwarek, Ustron"]
[Date "1899-12-30"]
[Round "6.2"]
[White "Golda, Sebastian"]
[Black "Psyk, Radoslaw"]
[Result "1-0"]
[WhiteTitle "I"]
[BlackTitle "k"]
[WhiteElo "1959"]
[BlackElo "2128"]

1. e4 c5 2. Nf3 e6 3. d4 cxd4 4. Nxd4 a6 5. Bd3 Nf6 6. O-O d6 7. Re1 g6 8. c4 Bg7
9. Be3 b6 10. Nc3 O-O 11. f3 Bb7 12. Bf1 Nbd7 13. Qd2 Qc7 14. Rac1 Rac8 15. Red1
Ne5 16. b3 Rfd8 17. Qf2 Nfd7 18. Kh1 Qb8 19. Na4 Ba8 20. Rc2 Nc5 21. Nc3 Nc6 22.
Nxc6 Bxc6 23. Ne2 Ba8 24. Nd4 Rd7 25. Rcd2 Rf8 26. b4 Na4 27. a3 d5 28. Nb3 Rfd8
29. cxd5 exd5 30. Bg5 Re8 31. Bxa6 Nc3 32. Rc1 Ra7 33. Bd3 Rxa3 34. Nd4 dxe4 35.
fxe4 Nxe4 36. Bxe4 Bxe4 37. Rf1 Ra7 38. Nb5 Rb7 39. Nd6 Rf8 40. Nxe4 Qe5 41. Nf6+
Kh8 42. Qh4 h5 43. Nd7 Qb5 44. Rfd1 Rc8 45. Nf6 Bf8 46. Rd5 Qe2 47. Qd4 Rc2 48.
Nxh5+ Kg8 49. Nf6+ Kh8 50. Qh4+ 1-0

[Event "Druzynowe Mistrzostwa Polski Juniorow - Ekstraliga"]
[Site "Centrum Wypoczynkowo-Szkoleniowe Gwarek, Ustron"]
[Date "1899-12-30"]
[Round "6.3"]
[White "Gaj, Szymon"]
[Black "Korcyl, Patryk"]
[Result "1/2-1/2"]
[WhiteTitle "I"]
[BlackTitle "II"]
[WhiteElo "1821"]
[BlackElo "1342"]

1. d4 Nf6 2. c4 g6 3. Nc3 Bg7 4. e4 d6 5. f3 O-O 6. Be3 Nc6 7. Qd2 e5 8. d5 Nd4
9. Nge2 Nxe2 10. Bxe2 a6 11. b4 Bd7 12. c5 Qe7 13. a4 Rfc8 14. O-O Ne8 15. Bc4
a5 16. Nb5 axb4 17. Qxb4 Bxb5 18. axb5 dxc5 19. Bxc5 Nd6 20. Be2 Qd8 21. b6 Rxa1
22. Rxa1 Bf8 23. Rb1 Qd7 24. Bf2 c6 25. dxc6 Qxc6 26. h3 Nf5 27. Qb2 Nd4 28. Bf1
Bc5 29. Kh2 Qf6 30. Bg3 Rc6 31. Qa2 Qe7 32. Qd5 Bd6 33. Qa5 h5 34. Kh1 Kg7 35.
Qa7 Bc5 36. Qa5 Qf6 37. Bc4 Rxb6 38. Rxb6 Qxb6 39. Bxe5+ f6 40. Qxb6 Bxb6 41.
Bd6 Ba7 42. e5 fxe5 43. Bxe5+ Kh6 44. Kh2 h4 45. Bd3 Nc6 46. Bf6 Bf2 47. Be4 Na5
48. Bd8 b6 49. Bc7 Nc4 50. Bc6 g5 51. Kh1 Bg3 52. Bd8 Bf2 53. Bc7 Bg3 54. Bd8
Bf2 55. Bc7 Na3 56. Bd7 b5 57. Bd6 Nc4 58. Bb4 1/2-1/2

[Event "Druzynowe Mistrzostwa Polski Juniorow - Ekstraliga"]
[Site "Centrum Wypoczynkowo-Szkoleniowe Gwarek, Ustron"]
[Date "1899-12-30"]
[Round "6.4"]
[White "Szczurek, Krzysztof"]
[Black "Mis, Mieszko"]
[Result "1/2-1/2"]
[WhiteTitle "I"]
[BlackTitle "I"]
[WhiteElo "1916"]
[BlackElo "1806"]

1. e4 c5 2. c3 Nf6 3. e5 Nd5 4. d4 cxd4 5. cxd4 e6 6. Nf3 d6 7. Bd3 Nc6 8. a3 Bd7
9. O-O Be7 10. Nc3 Nxc3 11. bxc3 Rc8 12. exd6 Bxd6 13. Ng5 h6 14. Qh5 Rf8 15.
Nh7 Rh8 16. f4 Ne7 17. Bd2 Nf5 18. Bxf5 exf5 19. Rae1+ Be7 20. Ng5 g6 21. Qh4
Bb5 22. c4 Qxd4+ 23. Kh1 Kf8 24. Rxe7 hxg5 25. Qe1 Qxc4 26. Rf3 Kg7 27. Bc3+ Kg8
28. Bxh8 Kxh8 29. fxg5 Qc1 30. h3 Qxe1+ 31. Rxe1 Bc6 32. Rfe3 Be4 33. Kh2 Kg7
34. Kg3 f6 35. gxf6+ Kxf6 36. h4 Ke5 37. Rb3 Kf6 38. Re2 a6 39. Rb6+ Kf7 40. Rb3
Ke6 41. Kf4 b5 42. Rg3 Kf6 43. Rd2 Rc6 44. Re3 Rb6 45. Rc3 a5 46. Rb3 b4 47. Rdb2
Bd5 48. Rd3 Be4 49. Rd4 b3 50. a4 Bc2 51. Rc4 Re6 52. g3 Re4+ 53. Rxe4 fxe4 54.
g4 g5+ 55. hxg5+ Kg6 56. Rxb3 Bxb3 57. Kxe4 Bxa4 58. Kd3 Kxg5 59. Kc3 Kf4 60.
Kb2 Kxg4 1/2-1/2

[Event "Druzynowe Mistrzostwa Polski Juniorow - Ekstraliga"]
[Site "Centrum Wypoczynkowo-Szkoleniowe Gwarek, Ustron"]
[Date "1899-12-30"]
[Round "6.6"]
[White "Dylag, Emilia"]
[Black "Swiech, Joanna"]
[Result "1-0"]
[WhiteTitle "I"]
[BlackTitle "I++"]
[WhiteElo "1602"]
[BlackElo "1798"]

1. d4 d5 2. Nf3 Nf6 3. Bg5 e6 4. e3 h6 5. Bh4 Be7 6. Bd3 O-O 7. Nbd2 Nbd7 8. O-O
c5 9. c3 b6 10. Ne5 Bb7 11. f4 Ne4 12. Bxe7 Qxe7 13. Qc2 Nxe5 14. fxe5 Qg5 15.
Rae1 Nxd2 16. Qxd2 cxd4 17. cxd4 Rac8 18. Rf3 h5 19. Rg3 Qh6 20. Rf1 Kh8 21. h4
Bc6 22. Rg5 Be8 23. Qb4 Rg8 24. Qe7 b5 25. Be2 g6 26. Bxb5 Bxb5 27. Rxf7 Rg7 28.
Qxe6 Rd8 29. Rxg7 Qxg7 30. Rxg6 Re8 31. Rh6+ Qxh6 32. Qxh6+ Kg8 33. Qxh5 Re6 34.
Qg4+ Kf7 35. Qf3+ Ke7 36. Qxd5 Bc6 37. Qc5+ Kf7 38. d5 Rxe5 39. Qxc6 1-0

[Event "Druzynowe Mistrzostwa Polski Juniorow - Ekstraliga"]
[Site "Centrum Wypoczynkowo-Szkoleniowe Gwarek, Ustron"]
[Date "1899-12-30"]
[Round "6.7"]
[White "Niekras, Dawid"]
[Black "Koitka, Jakub"]
[Result "1/2-1/2"]
[WhiteTitle "k"]
[BlackTitle "I++"]
[WhiteElo "2276"]
[BlackElo "2072"]

1. e4 e5 2. Nf3 Nc6 3. Bb5 a6 4. Ba4 Nf6 5. d3 b5 6. Bb3 Bc5 7. Nc3 h6 8. Nd5 d6
9. c3 Na5 10. Bc2 Nc6 11. a4 b4 12. d4 Ba7 13. Nxb4 Nxb4 14. cxb4 Qe7 15. d5 O-O
16. h3 Rb8 17. Bd2 Nh5 18. O-O f5 19. exf5 e4 20. Re1 Bxf5 21. Be3 exf3 22. Bxf5
Rxf5 23. Bxa7 Qg5 24. g4 Rxb4 25. Re3 Nf6 26. Rxf3 Rxd5 27. Qe1 Re4 28. Be3 Qe5
29. Rc1 c5 30. b3 Rd3 31. Rf5 Qe6 32. Qf1 Nxg4 33. Qxd3 Qxf5 34. Rc4 Nf6 35. Rxe4
Qxe4 36. Qxa6 Qb1+ 37. Kh2 Qxb3 38. Qxd6 Qxa4 39. Qxc5 Qe4 40. Qc8+ Kh7 41. Qc5
Nd5 42. Qa7 Qe5+ 43. Kg2 Nf6 44. Qa6 Qd5+ 45. Kh2 Ne4 46. Qe2 Nd6 47. Qg4 Nf5
48. Kg1 Qe5 49. Qf4 Qe6 50. Qg4 Qf6 51. Qf4 Qg6+ 52. Kh2 Qe6 53. Qg4 Qe5+ 54.
Qf4 Qd5 55. Qg4 g6 56. Kg1 Kg7 57. Qg2 Qd1+ 58. Qf1 Qb3 59. Qa1+ Kf7 1/2-1/2

[Event "Druzynowe Mistrzostwa Polski Juniorow - Ekstraliga"]
[Site "Centrum Wypoczynkowo-Szkoleniowe Gwarek, Ustron"]
[Date "1899-12-30"]
[Round "6.8"]
[White "Delekta, Filip"]
[Black "Mirski, Michal"]
[Result "1-0"]
[WhiteTitle "I++"]
[BlackTitle "I"]
[WhiteElo "2110"]
[BlackElo "1922"]

1. c4 d6 2. Nc3 e5 3. g3 g6 4. d4 Nc6 5. dxe5 dxe5 6. Qxd8+ Nxd8 7. Nf3 Bg7 8.
Nd5 Kd7 9. Bg5 Ne6 10. O-O-O Nd4 11. Bh3+ f5 12. Nxd4 exd4 13. Bf4 c6 14. Nc7
Rb8 15. Ne6 Bh6 16. Ng5 Bxg5 17. Rxd4+ Ke6 18. Bxg5 Nf6 19. Rhd1 Ne8 20. Re4+
Kf7 21. Re7+ 1-0

[Event "Druzynowe Mistrzostwa Polski Juniorow - Ekstraliga"]
[Site "Centrum Wypoczynkowo-Szkoleniowe Gwarek, Ustron"]
[Date "1899-12-30"]
[Round "6.9"]
[White "Zajac, Szymon"]
[Black "Koziorowicz, Michal"]
[Result "0-1"]
[WhiteTitle "II"]
[BlackTitle "II+"]
[WhiteElo "1405"]
[BlackElo "1725"]

1. d4 d5 2. c4 e6 3. Nc3 f5 4. Bf4 c6 5. e3 Nf6 6. a3 Bd6 7. Bxd6 Qxd6 8. c5 Qc7
9. Nf3 O-O 10. Be2 Bd7 11. Ne5 Be8 12. O-O Nbd7 13. Nxd7 Qxd7 14. b4 Ne4 15. Nxe4
fxe4 16. a4 Bg6 17. b5 Qc7 18. bxc6 bxc6 19. a5 Rab8 20. Qd2 Rb3 21. Rab1 Rfb8
22. Rxb3 Rxb3 23. a6 e5 24. Qc2 Qb8 25. Qd1 Rb2 26. Bg4 Qb4 27. Bh5 Bf5 28. Bg4
Rd2 29. Qe1 Bxg4 30. f3 Qb2 31. Qg3 exf3 32. gxf3 Bf5 33. Qg5 Rxh2 34. Qd8+ Kf7
35. Qc7+ Kg6 36. Qxc6+ Kh5 37. Qe8+ g6 0-1

[Event "Druzynowe Mistrzostwa Polski Juniorow - Ekstraliga"]
[Site "Centrum Wypoczynkowo-Szkoleniowe Gwarek, Ustron"]
[Date "1899-12-30"]
[Round "6.10"]
[White "Chyzy, Jakub"]
[Black "Wikar, Rafal"]
[Result "1-0"]
[WhiteTitle "I"]
[BlackTitle "II"]
[WhiteElo "1565"]
[BlackElo "1417"]

1. e4 e5 2. Nf3 Nc6 3. Bb5 a6 4. Ba4 Nf6 5. O-O Nxe4 6. d4 exd4 7. Re1 d5 8. Nxd4
Bd6 9. g3 Be6 10. Nxc6 Qd7 11. c4 bxc6 12. cxd5 Bxd5 13. Nc3 Bb4 14. f3 Bc5+ 15.
Kg2 O-O-O 16. fxe4 Bxe4+ 17. Nxe4 Qf5 18. Qf3 Qxf3+ 19. Kxf3 Rd3+ 20. Be3 Bxe3
21. Rxe3 Rd4 22. Bb3 Rf8 23. Rd1 1-0

[Event "Druzynowe Mistrzostwa Polski Juniorow - Ekstraliga"]
[Site "Centrum Wypoczynkowo-Szkoleniowe Gwarek, Ustron"]
[Date "1899-12-30"]
[Round "6.11"]
[White "Leczek, Weronika"]
[Black "Maruszczak, Joanna"]
[Result "0-1"]
[WhiteTitle "I"]
[BlackTitle "k+"]
[WhiteElo "1655"]
[BlackElo "1845"]

1. e4 c5 2. Nf3 e6 3. d4 cxd4 4. Nxd4 a6 5. c4 Nf6 6. Nc3 Qc7 7. Bd3 Be7 8. O-O
d6 9. h3 O-O 10. Be3 Nbd7 11. Be2 b6 12. f4 Bb7 13. Bf3 Bd8 14. Rc1 Rc8 15. b3
Qb8 16. Bf2 Re8 17. Re1 Bc7 18. Nde2 Nf8 19. Ng3 Ng6 20. f5 Ne5 21. Bd4 d5 22.
Nh5 dxc4 23. Nxf6+ gxf6 24. fxe6 fxe6 25. Bh5 Re7 26. bxc4 Rd8 27. Re3 Rg7 28.
Ne2 Nc6 29. Qf1 Nxd4 30. Nxd4 Rxd4 31. Qxf6 Bh2+ 32. Kh1 Qe5 33. Rf1 Qxf6 34.
Rxf6 Bd6 35. Rxe6 Re7 36. Rxe7 Bxe7 37. Rg3+ Kh8 38. Rb3 Bc5 39. e5 Re4 40. Rd3
Rxe5 41. Rd8+ Kg7 0-1

[Event "Druzynowe Mistrzostwa Polski Juniorow - Ekstraliga"]
[Site "Centrum Wypoczynkowo-Szkoleniowe Gwarek, Ustron"]
[Date "1899-12-30"]
[Round "6.12"]
[White "Krzywnicka, Maria"]
[Black "Wikar, Martyna"]
[Result "1-0"]
[WhiteTitle "I+"]
[BlackTitle "I"]
[WhiteElo "1564"]
[BlackElo "1557"]

1. e4 c5 2. Nc3 Nc6 3. g3 g6 4. d3 Bg7 5. Bg2 d6 6. Be3 e6 7. Qd2 Rb8 8. Nge2 Nd4
9. Nd1 b5 10. Nc1 b4 11. c3 Nc6 12. O-O bxc3 13. bxc3 Qa5 14. Kh1 Ba6 15. f4 Nge7
16. f5 exf5 17. exf5 gxf5 18. Bh6 Be5 19. Ne2 Rg8 20. Ne3 Nd4 21. Nf4 Ne6 22.
Nfd5 Nxd5 23. Nxd5 Qb5 24. c4 Qb2 25. Qa5 Qxa1 26. Rxa1 Bxa1 27. Qxa6 Rb1+ 28.
Bf1 Rxf1+ 29. Kg2 Re1 30. Qxd6 Nf4+ 31. Bxf4 Re2+ 32. Kf1 Re6 33. Nc7# 1-0

[Event "Druzynowe Mistrzostwa Polski Juniorow - Ekstraliga"]
[Site "Centrum Wypoczynkowo-Szkoleniowe Gwarek, Ustron"]
[Date "1899-12-30"]
[Round "6.13"]
[White "Jarmula, Lukasz"]
[Black "Wisniewski, Michal"]
[Result "1/2-1/2"]
[WhiteTitle "FM"]
[BlackTitle "k"]
[WhiteElo "2395"]
[BlackElo "2140"]

1. d4 Nf6 2. c4 g6 3. Nf3 Bg7 4. g3 O-O 5. Bg2 d5 6. cxd5 Nxd5 7. O-O Nb6 8. Nc3
Nc6 9. d5 Na5 10. e4 c6 11. Bf4 Nac4 12. b3 Nd6 13. e5 cxd5 14. Nxd5 Ne4 15. Nxb6
axb6 16. Qe1 Nc5 17. Rd1 Bd7 18. e6 Nxe6 19. Ne5 Bxe5 20. Bxe5 Rxa2 21. Bxb7 Qe8
22. Bc3 Nc5 23. Bd5 e6 24. Bc4 Bb5 25. Bxb5 Qxb5 26. Qe5 f6 27. Qc7 Qxb3 28. Ba1
Raa8 29. Rb1 Rf7 30. Qc6 Qd5 31. Rxb6 Qxc6 32. Rxc6 Nb3 33. Bc3 e5 34. Rb1 Nd4
35. Bxd4 exd4 36. Rd6 Ra4 37. Rd1 Rb7 38. R1xd4 Rxd4 39. Rxd4 Kf7 40. Kg2 h5 1/2-1/2

[Event "Druzynowe Mistrzostwa Polski Juniorow - Ekstraliga"]
[Site "Centrum Wypoczynkowo-Szkoleniowe Gwarek, Ustron"]
[Date "1899-12-30"]
[Round "6.14"]
[White "Kowalczyk, Mariusz"]
[Black "Mucha, Piotr"]
[Result "1/2-1/2"]
[WhiteTitle "I++"]
[BlackTitle "k"]
[WhiteElo "2174"]
[BlackElo "2215"]

1. e4 e6 2. d3 d5 3. Nd2 Nf6 4. g3 Nc6 5. Bg2 dxe4 6. dxe4 Bc5 7. h3 O-O 8. Ngf3
e5 9. O-O Qe7 10. Qe2 Rd8 11. c3 a5 12. Nh4 b6 13. Nf5 Qe6 14. Re1 Ba6 15. Qf3
a4 16. Bf1 Bxf1 17. Nxf1 g6 18. Nh6+ Kg7 19. Bg5 Rd6 20. Bxf6+ Qxf6 21. Qxf6+
Kxf6 22. Ng4+ Ke6 23. Nge3 Ne7 24. Kg2 Rd3 25. Red1 Rad8 26. Rxd3 Rxd3 27. Rd1
Rxd1 28. Nxd1 f5 29. Nd2 Nc8 30. b3 axb3 31. axb3 b5 32. Nb2 Nd6 33. Nd3 Bb6 34.
Kf3 c5 35. c4 bxc4 36. bxc4 fxe4+ 37. Nxe4 Nxc4 38. Ndxc5+ Bxc5 39. Nxc5+ Kd5
40. Ne4 h6 41. Nf6+ 1/2-1/2

[Event "Druzynowe Mistrzostwa Polski Juniorow - Ekstraliga"]
[Site "Centrum Wypoczynkowo-Szkoleniowe Gwarek, Ustron"]
[Date "1899-12-30"]
[Round "6.15"]
[White "Gazik, Viktor"]
[Black "Pultorak, Jan"]
[Result "1-0"]
[WhiteTitle "FM"]
[BlackTitle "I"]
[WhiteElo "2434"]
[BlackElo "2126"]

1. Nf3 Nf6 2. d4 e6 3. Nbd2 d5 4. e3 Be7 5. Bd3 c5 6. b3 Nc6 7. Bb2 Qc7 8. a3 O-O
9. O-O Nd7 10. c4 cxd4 11. cxd5 exd5 12. Nxd4 Nde5 13. N2f3 Bf6 14. Qc2 Nxd3 15.
Qxd3 Qe7 16. Nxc6 bxc6 17. Bxf6 Qxf6 18. Rfc1 Bd7 19. Qc3 Qxc3 20. Rxc3 f6 21.
Nd4 Rfc8 22. Rac1 Rab8 23. Kf1 Rb6 24. b4 a6 25. Ke2 Kf7 26. Kd2 Ke7 27. Rc5 Kd6
28. Kc3 Ra8 29. Ra5 Rab8 30. Kb3 R8b7 31. Rac5 Rb8 32. Kc3 g6 33. Kd3 Re8 34.
f3 Bf5+ 35. Kd2 Bd7 36. Re1 Rbb8 37. Rec1 Rb6 38. Ke2 Ra8 39. Ra5 Rab8 40. Kf2
Re8 41. Rc3 Re5 42. Rac5 Re8 43. Kg3 Rc8 44. Kf4 Re8 45. Ra5 Re5 46. Rd3 Kc7 47.
h3 Bf5 48. Rc3 Kd6 49. g4 Bd7 50. Rd3 Kc7 51. h4 h6 52. Rc3 Kd6 53. Nb3 Bc8 54.
Rac5 Bd7 55. Nd4 Re8 56. Kg3 Re5 57. Ne2 Rb8 58. Kf2 h5 59. f4 Re7 60. gxh5 gxh5
61. Ng3 f5 62. Rxc6+ Bxc6 63. Nxf5+ Ke6 64. Nxe7 Ba8 65. Nc6 1-0

[Event "Druzynowe Mistrzostwa Polski Juniorow - Ekstraliga"]
[Site "Centrum Wypoczynkowo-Szkoleniowe Gwarek, Ustron"]
[Date "1899-12-30"]
[Round "6.16"]
[White "Paliszewski, Dominik"]
[Black "Lis, Mateusz"]
[Result "1/2-1/2"]
[WhiteTitle "II+"]
[BlackTitle "I"]
[WhiteElo "1560"]
[BlackElo "1839"]

1. e4 c5 2. c3 Nf6 3. e5 Nd5 4. g3 d6 5. exd6 Qxd6 6. Bg2 e6 7. Nf3 Nc6 8. d4 Be7
9. O-O O-O 10. Be3 cxd4 11. Bxd4 Rd8 12. Re1 Qc7 13. Qe2 f6 14. c4 Nf4 15. gxf4
Nxd4 16. Nxd4 Rxd4 17. f5 Rxc4 18. Nc3 Bd7 19. Nd5 exd5 20. Bxd5+ Kh8 21. Bxc4
Bb4 22. Red1 Bxf5 23. Bd3 Bxd3 24. Qxd3 Rf8 25. Rac1 Qe5 26. a3 Be7 27. Re1 Qh5
28. Qg3 Bc5 29. b4 Bd4 30. Rc7 f5 31. Rxb7 h6 32. Rd7 f4 33. Qg2 f3 34. Qg3 Bc3
35. Rxa7 Rf5 36. h4 Bf6 37. Ra8+ Kh7 38. Ree8 Bg5 39. Rh8+ Kg6 40. Ra6+ Kf7 41.
Qc7+ Be7 42. Qc4+ Rd5 43. Rb8 Bxh4 44. Ra7+ Be7 45. Qf4+ Rf5 46. Rxe7+ Kg6 47.
Qd6+ Kh7 48. Rxg7+ Kxg7 49. Rb7+ Rf7 50. Rxf7+ Qxf7 51. Qe5+ Kh7 52. Qe4+ Kh8
53. Qe5+ Kh7 54. Qe4+ Kh8 55. Qg4 Qf6 1/2-1/2